000 00434nam a2200181Ia 4500
005 20240823031528.0
008 240823s9999||||xx |||||||||||||| ||und||
041 _aENGLISH
082 _A005.43 P9
100 _aLilly Florence
245 0 _aOperating systems
250 _a1st
260 _c2009
_bSri Krishna Publi
_aChennai
500 _aYES
650 _aOperating Systems
_bComputer Science
942 _cBK
999 _c191287
_d191287